Návrh absorpčnej kolóny na absorpciu chlóru z odplynov

Guardado en:
Detalles Bibliográficos
Autor principal: Holásek, Tomáš (Autor)
Otros Autores: Markoš, Jozef (Orientador)
Formato: Manuscrito Libro
Lenguaje:eslovaco
Publicado: 2017
Materias:
Acceso en línea:http://is.stuba.sk/zp/portal_zp.pl?podrobnosti=110454
Etiquetas: Agregar Etiqueta
Sin Etiquetas, Sea el primero en etiquetar este registro!

MARC

LEADER 00000ntm a22000003a 4500
001 stuzp58436
003 SK-STU
005 20170715210339.9
007 ta
008 150427s2015----xo-----f-mn---000-0-slo-d
040 |a STU  |b slo 
041 0 |a slo 
100 1 |a Holásek, Tomáš  |u 046230  |4 aut  |U FCHPT Ústav chemického a environmentálneho inžinierstva  |T FCHPT Oddelenie chemického a biochemického inžinierstva  |X 63978  |U C6230  |Y 119  |7 63978 
242 0 1 |a Design of packed column in which chlorine is absorbed from off-gas  |y eng 
245 1 0 |a Návrh absorpčnej kolóny na absorpciu chlóru z odplynov 
260 |c 2017 
650 4 |a chlór  |2 slo 
650 4 |a hydroxid sodný  |2 slo 
650 4 |a absorpcia  |2 slo 
650 4 |a chlorine  |2 eng 
650 4 |a sodium hydroxide  |2 eng 
650 4 |a absorption  |2 eng 
700 1 |a Markoš, Jozef  |u 046230  |k Z1  |4 ths  |U FCHPT Ústav chemického a environmentálneho inžinierstva  |T FCHPT Oddelenie chemického a biochemického inžinierstva  |X 3883  |U C6230  |Y 119  |7 A000003883 
856 4 |u http://is.stuba.sk/zp/portal_zp.pl?podrobnosti=110454